000 00339nam a2200133Ia 4500
008 100328s9999 xx 000 0 und d
082 _b19196
100 _aपानवलकर श्री.दा.
245 _aगजगा
260 _bबा.ल.पाठक
630 _aगजगा
730 _aगजगा
942 _cBOOK
999 _c513533
_d513530